00271 a2200109 4500001000700000020000600007040001100013100003500024240004900059245004400108362000900152177631 a  cMagnum aPillar, Analice Dutra e Outros10aA educacao do olhar no ensino das arteslpor10aA educacao do olhar no ensino das artes0 a1899